Statistics for Light-Water Countries on the World Map Quiz

Click here to take the quiz!

General Stats

  • This quiz has been taken 123 times
  • The average score is 14 of 19

Answers on the Map

Answers color-coded by a green-red scale on the quiz's map according to % correct below.
 

Answer Stats

Answer% Correct
Cape Verde
93%
Bahamas
92%
Malta
91%
Maldives
88%
Comoros
86%
Mauritius
85%
F.S. of Micronesia
83%
São Tomé...
83%
Seychelles
80%
Kiribati
72%
Solomon I.
72%
Nauru
70%
Fiji
67%
Marshall I.
66%
Palau
65%
Tonga
62%
Vanuatu
59%
Samoa
54%
Tuvalu
52%

Score Distribution

Percentile by Number Answered

Percent of People with Each Score

Your Score History

You have not taken this quiz